漢数字のつく市町村名 - Statistics

General Stats
  • This quiz has been taken 746 times
  • The average score is 62 of 104
Answer Stats
数字 都道府県 市町村 % Correct
岩手県 二戸市
96%
青森県 八戸市
93%
愛知県 一宮市
91%
青森県 三戸郡 三戸町
91%
岩手県 二戸郡 一戸町
90%
四・十・万 高知県 四万十市
89%
岩手県 一関市
85%
四・十・万 高知県 高岡郡 四万十町
85%
青森県 三戸郡 五戸町
85%
三重県 四日市市
83%
青森県 上北郡 六戸町
82%
青森県 上北郡 七戸町
82%
八・千 千葉県 八千代市
82%
千葉県 千葉市
81%
岩手県 九戸郡 九戸村
80%
石川県 七尾市
79%
東京都 八王子市
79%
九・十 千葉県 山武郡 九十九里町
79%
長崎県 五島市
78%
神奈川県 中郡 二宮町
77%
静岡県 三島市
77%
千葉県 四街道市
76%
福島県 二本松市
75%
兵庫県 三田市
74%
新潟県 三条市
73%
北海道 千歳市
73%
大阪府 八尾市
71%
広島県 三次市
70%
青森県 五所川原市
70%
青森県 十和田市
70%
千葉県 長生郡 一宮町
69%
埼玉県 三郷市
69%
大阪府 四條畷市
69%
奈良県 五條市
69%
東京都 三鷹市
68%
京都府 八幡市
68%
東京都 千代田区
68%
徳島県 三好市
67%
滋賀県 近江八幡市
67%
青森県 三沢市
66%
愛媛県 四国中央市
66%
八・千 茨城県 結城郡 八千代町
66%
千葉県 八街市
66%
熊本県 八代市
66%
青森県 上北郡 六ヶ所村
64%
岐阜県 安八郡 安八町
64%
広島県 三原市
63%
埼玉県 八潮市
63%
佐賀県 伊万里市
63%
岩手県 八幡平市
62%
鳥取県 八頭郡 八頭町
62%
福岡県 北九州市
62%
新潟県 十日町市
62%
長野県 千曲市
62%
神奈川県 三浦市
61%
東京都 八丈町
61%
奈良県 吉野郡 十津川村
60%
大阪府 南河内郡 千早赤阪村
59%
新潟県 五泉市
58%
愛媛県 八幡浜市
58%
鹿児島県 南九州市
58%
北海道 亀田郡 七飯町
56%
八・百 岐阜県 加茂郡 八百津町
56%
新潟県 小千谷市
56%
兵庫県 三木市
55%
福岡県 八女市
55%
香川県 三豊市
54%
鹿児島県 鹿児島郡 十島村
53%
大分県 玖珠郡 九重町
52%
茨城県 猿島郡 五霞町
50%
長崎県 南松浦郡 新上五島町
50%
北海道 三笠市
49%
群馬県 邑楽郡 千代田町
49%
愛媛県 上浮穴郡 久万高原町
49%
北海道 樺戸郡 新十津川町
48%
北海道 二海郡 八雲町
47%
秋田県 南秋田郡 八郎潟町
47%
北海道 山越郡 長万部町
47%
宮城県 本吉郡 南三陸町
45%
奈良県 生駒郡 三郷町
45%
鹿児島県 鹿児島郡 三島村
45%
宮城県 宮城郡 七ヶ浜町
45%
埼玉県 入間郡 三芳町
44%
宮城県 刈田郡 七ヶ宿町
44%
東京都 三宅村
43%
栃木県 河内郡 上三川町
42%
和歌山県 伊都郡 九度山町
40%
山形県 東田川郡 三川町
39%
宮崎県 西臼杵郡 高千穂町
39%
岐阜県 加茂郡 七宗町
38%
秋田県 山本郡 八峰町
37%
福島県 大沼郡 三島町
36%
山梨県 西八代郡 市川三郷町
36%
香川県 木田郡 三木町
36%
熊本県 球磨郡 五木村
36%
奈良県 磯城郡 三宅町
35%
秋田県 南秋田郡 五城目町
34%
福島県 田村郡 三春町
33%
鳥取県 東伯郡 三朝町
32%
宮崎県 西臼杵郡 五ヶ瀬町
32%
秋田県 山本郡 三種町
30%
沖縄県 島尻郡 八重瀬町
28%
宮崎県 北諸県郡 三股町
24%
高知県 幡多郡 三原村
23%
No matching quizzes found
Score Distribution
Percent of People with Each Score
Percentile by Number Answered
Your Score History
You have not taken this quiz